000 00593nam a2200169Ia 4500
003 GCL
008 140319s9999 xx 000 0 ara d
040 _aGCL /
_cGCL
082 0 4 _a810.9
_bس ا
100 1 _aسعيد علوش
245 1 0 _aاشكالية التيارات والتاثبرات الادبية فى الوطن العربى : دراسة مقارنة /
_cسعيد علوش
300 _a224 ص
490 _aالهيئة العامة للاستعلامات
_v0
650 0 4 _aالادب العربى
650 0 4 _aالادب العربى - تاريخ ونقد
942 _2ddc
_cBK
999 _c49128
_d49128